书目信息 |
| 题名: |
不动产投资分析
|
|
| 作者: | 牛建高 主编 | |
| 分册: | ||
| 出版信息: | 北京 北京师范大学出版社 2008.07 |
|
| 页数: | 10,342页 | |
| 开本: | 23cm | |
| 丛书名: | ||
| 单 册: | ||
| 中图分类: | F293.35 | |
| 科图分类: | ||
| 主题词: | 不动产--投资--分析--高等教育--教材 , 不动产 , 投资 | |
| 电子资源: | ||
| ISBN: | 978-7-303-09374-8 | |
| 000 | 01072nam0 2200277 450 | |
| 001 | 012004277233 | |
| 005 | 20091221090549.18 | |
| 010 | @a978-7-303-09374-8@dCNY34.00 | |
| 100 | @a20090213d2008 em y0chiy0110 ea | |
| 101 | 0 | @achi |
| 102 | @aCN@b110000 | |
| 105 | @ay z 000yy | |
| 106 | @ar | |
| 200 | 1 | @a不动产投资分析@9bu dong chan tou zi fen xi@f牛建高主编 |
| 210 | @a北京@c北京师范大学出版社@d2008.07 | |
| 215 | @a10,342页@d23cm | |
| 300 | @a普通高等教育“十一五”国家级规划教材 新世纪高等学校教材 土地管理基础课系列教材 | |
| 330 | @a本书分为上中下三篇,上篇为投资基础篇,包括不动产投资概论、不动产投资的价值观念等内容;中篇为投资决策篇,包括不动产投资市场分析、不动产投资中的法律与税收问题等内容;下篇为融资决策篇,包括金融市场与不动产融资、不动产抵押贷款分析等内容。 | |
| 510 | 1 | @aInvestment analysis for real estate@zeng |
| 606 | 0 | @a不动产@x投资@x分析@x高等教育@j教材 |
| 606 | 0 | @a不动产 |
| 606 | 0 | @a投资 |
| 690 | @aF293.35@v4 | |
| 701 | 0 | @a牛建高@9niu jian gao@4主编 |
| 801 | 0 | @aCN@bNLC@c20091221 |
| 905 | @b20798202-07@dF293.35@e753@f6 | |
| 不动产投资分析/牛建高主编.-北京:北京师范大学出版社,2008.07 |
| 10,342页;23cm |
| 普通高等教育“十一五”国家级规划教材 新世纪高等学校教材 土地管理基础课系列教材 |
| ISBN 978-7-303-09374-8:CNY34.00 |
| 本书分为上中下三篇,上篇为投资基础篇,包括不动产投资概论、不动产投资的价值观念等内容;中篇为投资决策篇,包括不动产投资市场分析、不动产投资中的法律与税收问题等内容;下篇为融资决策篇,包括金融市场与不动产融资、不动产抵押贷款分析等内容。 |
| ● |
| 相关链接 |
|
|
|
|
正题名:不动产投资分析
索取号:F293.35/753
 
预约/预借
| 序号 | 登录号 | 条形码 | 馆藏地/架位号 | 状态 | 备注 |
| 1 | 798202 | 207982021 | 第一样本阅览室/ [索取号:F293.35/753] | 在馆 | |
| 2 | 798203 | 207982030 | 第一借阅区/ [索取号:F293.35/753] | 在馆 | |
| 3 | 798204 | 207982049 | 第一借阅区/ [索取号:F293.35/753] | 在馆 | |
| 4 | 798205 | 207982058 | 第一借阅区/ [索取号:F293.35/753] | 在馆 | |
| 5 | 798206 | 207982067 | 第一借阅区/ [索取号:F293.35/753] | 在馆 | |
| 6 | 798207 | 207982076 | 第一借阅区/ [索取号:F293.35/753] | 在馆 |